Luân lí: Khám phá bản thân (Dùng trong trường THPT)

Đã lưu trong:
Bibliografiske detaljer
Format: Bog
Tags: Tilføj Tag
Ingen Tags, Vær først til at tagge denne postø!
Thư viện lưu trữ: Mạng thư viện Đại học Đà Nẵng
LEADER 00435nam a22001691a 4500
001 000040246
003 16541
005 20160412022902.0
008 160412s0 000
082 |a 4N(TK)1890 
245 |a Luân lí: Khám phá bản thân (Dùng trong trường THPT) 
OWN |a LNN 
999 |a From the UDN01 
TYP |a Monograph 
980 |a Mạng thư viện Đại học Đà Nẵng